[Event "Challenge"]
[Site "http://www.queenalice.com/game.php?id=204568"]
[Date "2007.5.1"]
[Round "-"]
[White "RaphaelRedfield"]
[Black "plano99"]
[Result "0-1"]
[WhiteElo "1277"]
[BlackElo "1541"]

1. f3 b5 2. e3 Nc6 3. Nc3 Ba6 4. Nh3 e5 5. Be2 Bc5 6. b3 Qb8 7. Bb2 Nf6 8. O-O
Qb7 9. Rc1 b4 10. Na4 Bxe2 11. Qxe2 Nd5 12. Nxc5 Qb6 13. Na4 Qb8 14. Ng5 Nb6 15.
d3 Nxa4 16. bxa4 O-O 0-1

[Event "Challenge"]
[Site "http://www.queenalice.com/game.php?id=206986"]
[Date "2007.5.6"]
[Round "-"]
[White "plano99"]
[Black "RaphaelRedfield"]
[Result "1-0"]
[WhiteElo "1563"]
[BlackElo "1172"]

1. Nf3 c5 2. e4 Nc6 3. Bc4 Nf6 4. Nc3 d6 5. d3 Be6 6. Bxe6 fxe6 7. Be3 g5 8.
Nxg5 Bh6 9. Nxe6 Qd7 10. Ng5 Ng4 11. Bf4 Nce5 12. Ne2 d5 13. Nf3 Bxf4 14. Nxf4
1-0

[Event "AUTO-INT-453"]
[Site "http://www.queenalice.com/game.php?id=210205"]
[Date "2007.5.13"]
[Round "1"]
[White "plano99"]
[Black "RaphaelRedfield"]
[Result "1-0"]
[WhiteElo "1557"]
[BlackElo "1175"]

1. Nf3 Nf6 2. d4 d5 3. Nc3 Nc6 4. Ne5 Ne4 5. Nxe4 dxe4 6. Nxc6 bxc6 7. Bf4 Ba6
8. e3 e6 9. Bxa6 Bd6 10. Bxd6 cxd6 11. f3 Qb6 12. Bc4 1-0

[Event "AUTO-INT-453"]
[Site "http://www.queenalice.com/game.php?id=210206"]
[Date "2007.5.13"]
[Round "1"]
[White "RaphaelRedfield"]
[Black "plano99"]
[Result "0-1"]
[WhiteElo "1172"]
[BlackElo "1565"]

1. f4 f5 2. e3 Nf6 3. Nf3 Nc6 4. Be2 d5 5. Nc3 Ne4 6. Nxe4 dxe4 7. Nh4 e6 8. O-O
Qxh4 9. g3 Qf6 10. d4 Bd6 11. Bd2 Ne7 12. b4 Nd5 0-1

[Event "AUTO-INT-453"]
[Site "http://www.queenalice.com/game.php?id=210217"]
[Date "2007.5.13"]
[Round "1"]
[White "biano"]
[Black "RaphaelRedfield"]
[Result "1-0"]
[WhiteElo "1708"]
[BlackElo "1172"]

1. e4 c5 2. d4 Nc6 3. dxc5 d6 4. cxd6 Nb4 5. c3 Nc6 6. Bb5 Qxd6 7. Qxd6 exd6 8.
Nf3 Ne7 9. Bg5 Ng6 10. Nd4 f6 11. Bxc6+ Kd8 12. Bd5 fxg5 13. O-O Ne7 14. Nd2
Nxd5 15. exd5 g6 16. Ne6+ Bxe6 17. dxe6 g4 18. Ne4 d5 19. Rad1 h5 20. Rxd5+ Kc7
21. Rd7+ Kc8 22. Rfd1 1-0

[Event "AUTO-INT-453"]
[Site "http://www.queenalice.com/game.php?id=210218"]
[Date "2007.5.13"]
[Round "1"]
[White "RaphaelRedfield"]
[Black "biano"]
[Result "0-1"]
[WhiteElo "1172"]
[BlackElo "1706"]

1. f4 d5 2. Nf3 Nf6 3. e3 g6 4. Be2 Bg7 5. O-O O-O 6. d4 e6 7. Nc3 Nbd7 8. Bd2
c5 9. dxc5 Nxc5 10. b4 Nce4 11. Nxe4 Nxe4 12. Bc1 Bxa1 13. Bb5 Bd7 14. Bxd7 Qxd7
15. g3 Qb5 0-1

[Event "AUTO-INT-453"]
[Site "http://www.queenalice.com/game.php?id=210223"]
[Date "2007.5.13"]
[Round "1"]
[White "SGrillo"]
[Black "RaphaelRedfield"]
[Result "1-0"]
[WhiteElo "1686"]
[BlackElo "1192"]

1. e4 c5 2. Nf3 Nc6 3. Bb5 Nf6 4. Bxc6 bxc6 5. d3 g6 6. O-O Bg7 7. c3 O-O 8. h3
Ba6 9. c4 e5 10. Nxe5 Re8 11. Nf3 d6 12. Nc3 Rb8 13. Qc2 d5 14. exd5 cxd5 15. b3
Rb7 16. Bg5 Qd7 17. Bxf6 Bxf6 18. Rfe1 Rxe1+ 19. Rxe1 dxc4 20. dxc4 Qf5 21. Qxf5
Kg7 22. Qd3 Re7 23. Rxe7 Bxe7 24. Nd5 Bd6 25. Nb4 Bb7 26. Qxd6 a5 27. Nd5 Bc8
28. Qf6+ Kf8 29. Qd8+ 1-0

[Event "AUTO-INT-453"]
[Site "http://www.queenalice.com/game.php?id=210224"]
[Date "2007.5.13"]
[Round "1"]
[White "RaphaelRedfield"]
[Black "SGrillo"]
[Result "0-1"]
[WhiteElo "1172"]
[BlackElo "1627"]

1. d4 d5 2. Nc3 e6 3. e3 a6 4. Nf3 Bb4 5. Bd2 Bxc3 6. Bxc3 Nc6 7. Bd3 Nf6 8. O-O
O-O 9. b4 Qe7 10. Rb1 b5 11. a3 h6 12. g3 Nh7 13. e4 dxe4 14. Bxe4 Qe8 15. Qd3
g6 16. Rfe1 Nf6 17. d5 exd5 18. Bf5 Bxf5 19. Qd1 Qd8 20. g4 Bxg4 21. Qe2 Re8 22.
Qd1 Rxe1+ 23. Bxe1 Bxf3 24. Qxf3 Nh5 25. Bc3 Qg5+ 26. Kf1 Re8 27. Re1 Rxe1+ 28.
Bxe1 Nd4 29. Qh3 Nf4 0-1

[Event "AUTO-OPEN-658"]
[Site "http://www.queenalice.com/game.php?id=210254"]
[Date "2007.5.13"]
[Round "1"]
[White "RaphaelRedfield"]
[Black "plano99"]
[Result "0-1"]
[WhiteElo "1174"]
[BlackElo "1559"]

1. g3 e5 2. Bg2 Bc5 3. Nf3 Nc6 4. O-O Nf6 5. e3 d5 6. Nc3 d4 7. exd4 exd4 8. Ne2
O-O 9. d3 Qe8 10. b4 Nxb4 11. Ba3 a5 12. c3 dxc3 0-1

[Event "AUTO-OPEN-658"]
[Site "http://www.queenalice.com/game.php?id=210255"]
[Date "2007.5.13"]
[Round "1"]
[White "plano99"]
[Black "RaphaelRedfield"]
[Result "1-0"]
[WhiteElo "1561"]
[BlackElo "1173"]

1. e4 Nc6 2. Nc3 e5 3. Nf3 Nf6 4. Bc4 b5 5. Bd5 Nxd5 6. exd5 Ne7 7. d3 c6 8.
dxc6 Nxc6 9. Be3 d5 10. Nxb5 Bb7 11. d4 Bd6 12. Nxd6+ 1-0

[Event "AUTO-OPEN-658"]
[Site "http://www.queenalice.com/game.php?id=210256"]
[Date "2007.5.13"]
[Round "1"]
[White "RaphaelRedfield"]
[Black "IkeBroflovski"]
[Result "0-1"]
[WhiteElo "1220"]
[BlackElo "1554"]

1. f4 e5 2. Nf3 exf4 3. e3 fxe3 4. dxe3 Bc5 5. Nc3 Nf6 6. Bc4 O-O 7. O-O d5 8.
Nxd5 Nxd5 9. Bxd5 c6 10. Bxc6 Nxc6 11. Qxd8 Rxd8 12. Bd2 Be6 13. c3 Rxd2 14.
Nxd2 Bxe3+ 15. Kh1 Bxd2 16. Rad1 Be3 17. b4 Kf8 18. h3 Rd8 19. Rde1 Rd3 20. Kh2
Ke7 21. Kg3 Bd2+ 22. Kf2 Bxe1+ 23. Rxe1 Rxc3 24. Re3 Rxe3 25. Kxe3 Nxb4 26. Kd4
Nxa2 27. Ke5 b5 0-1

[Event "AUTO-OPEN-658"]
[Site "http://www.queenalice.com/game.php?id=210257"]
[Date "2007.5.13"]
[Round "1"]
[White "IkeBroflovski"]
[Black "RaphaelRedfield"]
[Result "1-0"]
[WhiteElo "1589"]
[BlackElo "1175"]

1. Nf3 c5 2. c4 Nc6 3. d4 d6 4. d5 Nb4 5. a3 Na6 6. Nc3 Nf6 7. e4 e6 8. Bd3 exd5
9. exd5 Qe7+ 10. Be2 Bg4 11. O-O O-O-O 12. Re1 g6 13. Bd2 Qd7 14. Qa4 h6 15.
Qxd7+ Rxd7 16. h3 Bf5 17. Nh4 Bc2 18. Rac1 Bb3 19. Bd1 Re7 20. Bxb3 Rxe1+ 21.
Rxe1 g5 22. Nf5 Nh5 23. Nb5 Ng7 24. Nfxd6+ Kd8 25. Nxf7+ Kd7 26. Nxh8 Ne8 27.
Ng6 Bg7 28. Ne5+ Kc8 29. Nxa7+ Kb8 30. Nac6+ Kc7 31. Ne7 Kd6 32. Nf7+ Kd7 33.
Nf5 Bf6 34. N7xh6 Nac7 35. Bc3 b5 36. cxb5 Nxb5 37. Bxf6 Nxf6 38. Ba4 Kc7 39.
Bxb5 Nxd5 40. Re6 Kb7 41. a4 Nc7 42. Nd6+ Kb6 43. Nc4+ Kb7 44. Rb6+ Kc8 45. Nf7
1-0

[Event "AUTO-OPEN-658"]
[Site "http://www.queenalice.com/game.php?id=210258"]
[Date "2007.5.13"]
[Round "1"]
[White "RaphaelRedfield"]
[Black "kloosterveen"]
[Result "0-1"]
[WhiteElo "1220"]
[BlackElo "1770"]

1. f4 d5 2. Nf3 e6 3. e3 Nf6 4. Nc3 Bb4 5. Ne2 O-O 6. c3 Bd6 7. d4 c5 8. c4 Nc6
9. Nc3 cxd4 10. Nxd4 Nxd4 11. exd4 Qc7 12. Nb5 Qb6 13. Nxd6 Qxd6 14. Be3 Qb4+
15. Bd2 Qxb2 16. Qb1 Qxd4 17. Qb2 Qxb2 18. Rd1 Qxa2 19. Be2 dxc4 20. g4 Ne4 21.
Bb4 Re8 22. Bf3 Qf2# 0-1

[Event "AUTO-OPEN-658"]
[Site "http://www.queenalice.com/game.php?id=210259"]
[Date "2007.5.13"]
[Round "1"]
[White "kloosterveen"]
[Black "RaphaelRedfield"]
[Result "1-0"]
[WhiteElo "1732"]
[BlackElo "1220"]

1. d4 c5 2. dxc5 Nc6 3. a3 Nf6 4. e3 e6 5. b4 a6 6. Nd2 g6 7. Bb2 Bg7 8. Ngf3
O-O 9. Be2 b6 10. cxb6 Qe7 11. c4 Nh5 12. Bxg7 Nxg7 13. c5 Bb7 14. O-O d5 15.
Nb3 Rfd8 16. Nbd4 Nxd4 17. Nxd4 Nf5 18. Nxf5 exf5 19. Bf3 a5 20. Qb3 axb4 21.
axb4 Rxa1 22. Rxa1 Ra8 23. Rxa8+ Bxa8 24. Bxd5 Bxd5 25. Qxd5 Qe6 26. Qxe6 fxe6
27. b7 Kf7 28. b8=Q h5 29. c6 Kf6 30. c7 1-0

[Event "AUTO-BEG-100"]
[Site "http://www.queenalice.com/game.php?id=210688"]
[Date "2007.5.14"]
[Round "1"]
[White "RaphaelRedfield"]
[Black "rodrigofortes"]
[Result "0-1"]
[WhiteElo "1213"]
[BlackElo "1374"]

1. f4 a5 2. Nf3 d5 3. e3 g5 4. b3 g4 5. Nd4 c6 6. Bb2 c5 7. Nb5 h5 8. Bxh8 Nf6
9. Bd3 b6 10. N1c3 Ba6 11. Na3 Bh6 12. Bxa6 Nxa6 13. h3 Kd7 14. Bxf6 exf6 15.
Nxd5 Nb4 16. Nxb4 axb4 17. Nc4 gxh3 18. gxh3 b5 19. Nb2 f5 20. Nd3 Rc8 21. Qxh5
Qf6 22. Ne5+ Kc7 23. Nxf7 Qxa1+ 24. Qd1 Qg7 25. Nxh6 Qxh6 26. d4 Rd8 27. c4 Qc6
28. cxb5 Qxh1+ 29. Kd2 Qxh3 30. Kd3 cxd4 31. Qc1+ Kd6 32. Kxd4 Qh8+ 33. Kc4 Rc8+
34. Kxb4 Rxc1 35. a4 Qc3+ 36. Ka3 Ra1# 0-1

[Event "AUTO-BEG-100"]
[Site "http://www.queenalice.com/game.php?id=210689"]
[Date "2007.5.14"]
[Round "1"]
[White "rodrigofortes"]
[Black "RaphaelRedfield"]
[Result "1-0"]
[WhiteElo "1381"]
[BlackElo "1192"]

1. a4 g6 2. e4 Bg7 3. d4 Nf6 4. d5 Nxe4 5. Nc3 Nxc3 6. bxc3 O-O 7. Qe2 d6 8. Ra3
Bd7 9. Qe4 c6 10. Bc4 Na6 11. Ne2 Nc5 12. Qh4 Bf6 13. Qh6 Re8 14. dxc6 Bxc6 15.
Bb5 Bg7 16. Qh4 a6 17. Bxc6 bxc6 18. c4 Bf6 19. Qf4 Qa5+ 20. c3 Be5 21. Qg5 Ne6
22. Qh4 Bf6 23. Qh3 Qh5 24. Ra2 Ng5 25. Nf4 Qxh3 26. Nxh3 Nxh3 27. gxh3 Reb8 28.
Rb2 c5 29. O-O h6 30. Rc2 Bg5 31. Bxg5 hxg5 32. f4 Rb7 33. Rcc1 Rab8 34. f5 gxf5
35. Rxf5 e6 36. Rf6 Kg7 37. Rcf1 Rh8 38. R1f2 d5 39. h4 Rh6 40. hxg5 Rh7 41. Rg2
1-0